El joven Einstein: el advenimiento de la relatividad
Uloženo v:
| Hlavní autor: | |
|---|---|
| Médium: | Kniha |
| Jazyk: | španělština |
| Vydáno: |
Madrid
Alianza
1990
|
| Edice: | Alianza universidad. Ciencias
|
| Témata: | |
| Tagy: |
Přidat tag
Žádné tagy, Buďte první, kdo vytvoří štítek k tomuto záznamu!
|
MARC
| LEADER | 00000nam a2200000 a 4500 | ||
|---|---|---|---|
| 001 | UCX5093 | ||
| 003 | CL-VaPUC | ||
| 008 | 920910e19900000SP |||||||||||||||||spa|d | ||
| 082 | 0 | 4 | |a 530.092 |b PYE |2 21 |
| 100 | 0 | |a Pyenson, Lewis |e author |9 321418 | |
| 245 | 1 | 3 | |a El joven Einstein: el advenimiento de la relatividad |
| 300 | |a 394 p | ||
| 942 | |c BK | ||
| 945 | |d 19920910 00:00:00 | ||
| 260 | |a Madrid |b Alianza |c 1990 | ||
| 600 | 0 | |a Einstein, Albert |e autor |9 266229 | |
| 650 | 7 | |a FISICOS |2 CL-VaPUC |9 263707 | |
| 650 | 0 | |a Biografías |9 255210 | |
| 651 | 0 | |a Alemania |9 255688 | |
| 583 | |a last modification |c 19920910 00:00:00 |k Rodrigo Vera | ||
| 490 | 0 | |a Alianza universidad. Ciencias | |
| 999 | |c 225435 |d 225433 | ||
| 952 | |0 0 |1 0 |4 0 |6 530_092000000000000_PYE_1990 |7 0 |8 A |9 222938 |a BIBCUR |b BIBCUR |d 2019-11-15 |i 3182045 |o 530.092 PYE 1990 |p 3182045 |r 2025-04-22 |w 2019-11-15 |y BK |k BCB | ||